Reisen in Mexiko in den Jahren 1845-1848 (Record no. 2408)

MARC details
000 -CABECERA
campo de control de longitud fija 00600nam a2200193 a 4500
001 - NÚMERO DE CONTROL
campo de control BRCA_2668
005 - FECHA Y HORA DE LA ÚLTIMA TRANSACCIÓN
campo de control 20190320203921.0
008 - DATOS DE LONGITUD FIJA--INFORMACIÓN GENERAL
campo de control de longitud fija 021208s1853----gw-a---###---#000-0#ger-u
050 #4 - SIGNATURA TOPOGRÁFICA DE LA BIBLIOTECA DEL CONGRESO
Número de clasificación F1213
Número de documento/Ítem .H45 1853
100 1# - ENTRADA PRINCIPAL--NOMBRE DE PERSONA
Nombre de persona Heller, Carl Bartholomaeus
Fechas asociadas al nombre 1824-1880
9 (RLIN) 2990
245 10 - MENCIÓN DE TÍTULO
Título Reisen in Mexiko in den Jahren 1845-1848
Mención de responsabilidad, etc. Von Carl Bartholomaeus Heller.
260 ## - PUBLICACIÓN, DISTRIBUCIÓN, ETC.
Lugar de publicación, distribución, etc. Leipzig, Alemania
Nombre del editor, distribuidor, etc. W. Engelmann
Fecha de publicación, distribución, etc. 1853
300 ## - DESCRIPCIÓN FÍSICA
Extensión 432 p.
Otras características físicas il.
Dimensiones 23 cm.
Material acompañante/anejo 1 mapa plegable
500 ## - NOTA GENERAL
Nota general B6
650 14 - PUNTO DE ACCESO ADICIONAL DE MATERIA--TÉRMINO DE MATERIA
Término de materia o nombre geográfico como elemento de entrada Viajeros alemanes
9 (RLIN) 7026
651 #4 - PUNTO DE ACCESO ADICIONAL DE MATERIA--NOMBRE GEOGRÁFICO
Nombre geográfico México
Subdivisión general Descripción y viajes
9 (RLIN) 103
902 ## - CATALOGADOR
Iniciales GFM
942 ## - ELEMENTOS DE PUNTO DE ACCESO ADICIONAL (KOHA)
Fuente del sistema de clasificación o colocación Library of Congress Classification
Tipo de ítem Koha Libros
Holdings
Estado de retiro Estado de pérdida Estado dañado No para préstamo Localización permanente Ubicación/localización actual Fecha de adquisición Número de inventario Total de préstamos Signatura topográfica completa Código de barras Fecha visto por última vez Precio válido a partir de Tipo de ítem Koha
El ejemplar forma parte de la colección y puede ser consultado según las políticas vigentes.       Biblioteca del Museo Franz Mayer (Rogerio Casas-Alatriste) Biblioteca del Museo Franz Mayer (Rogerio Casas-Alatriste) 02/12/2008 B6   F1213 .H45 1853 (B6) 2665 22/03/2019 22/03/2019 Libros